| 000 | 00599nam a22001937a 4500 | ||
|---|---|---|---|
| 003 | OSt | ||
| 005 | 20140310181709.0 | ||
| 008 | 121206t xxu||||| |||| 00| 0 eng d | ||
| 020 | _a9712321916 | ||
| 050 |
_aPR 33 _b.J41 1997 |
||
| 082 |
_aFIL 820 _2J11 1997 |
||
| 100 | _aJavines, Francisco O. | ||
| 245 |
_aValues, knowledge, and enjoyment of English literature : _cFrancisco O. Javines. _bspecially edited fo foilipino students / |
||
| 260 |
_aManila,Philippines: _bMerriam and Webster _c1997. |
||
| 300 |
_a251 p. : _c28 cm. |
||
| 650 | _aEnglish literature. | ||
| 942 |
_2lcc _cBK |
||
| 999 |
_c1475 _d1475 |
||